000 00329nam a2200133Ia 4500
005 20260328101512.0
008 260328s9999||||xx |||||||||||||| ||und||
100 _aKaes, Rene
245 0 _aVive Dans les Grands Ensembles /
_cRene Kaes
260 _bLes Editions Ouvrieres
300 _a338 p.
650 _aURBANISMO
942 _cBK
999 _c9223
_d9223